Hydrologie continentale (notice n° 1994994)

détails MARC
000 -LEADER
fixed length control field 01911cam a2200145 4500500
005 - DATE AND TIME OF LATEST TRANSACTION
control field 20260329050457.0
041 ## - LANGUAGE CODE
Language code of text/sound track or separate title fre
042 ## - AUTHENTICATION CODE
Authentication code dc
100 10 - MAIN ENTRY--PERSONAL NAME
Personal name Cosandey, Claude
Relator term author
245 00 - TITLE STATEMENT
Title Hydrologie continentale
260 ## - PUBLICATION, DISTRIBUTION, ETC.
Name of publisher, distributor, etc. Armand Colin,<br/>
Date of publication, distribution, etc. 2012.<br/>
520 ## - SUMMARY, ETC.
Summary, etc. Au cœur des problématiques environnementales, l’eau est une ressource parfois très rare dont les besoins sont en constante augmentation face à l’accroissement de la population mondiale et de son niveau de vie. Comment prévoir la surabondance de l’eau en période de crues ou d’inondations ? Crues rapides comme celles qui résultent de deux ou trois jours d’averses cévenoles, ou crues lentes résultant d’une année ou plus de précipitations plus abondantes que d’ordinaire dans le cas de la Somme ou de la Seine ? Comment assurer la qualité de l’eau potable et minimiser les risques de pollution des nappes sans connaître les processus d’infiltration de l’eau dans le sol ? Comment estimer les effets d’un reboisement sur les ressources en eau si l’on ne tient pas compte des processus d’interception de l’eau par la végétation ? Fondé sur une approche essentiellement naturaliste, ce manuel permet de comprendre et de quantifier le cheminement de l’eau, de son apport au sol sous forme de précipitations à son retour dans l’atmosphère à l’état gazeux par le processus d’évaporation. Cette connaissance indispensable permet de prévenir et de gérer les risques pouvant résulter des aménagements humains. Cet ouvrage de référence, qui porte principalement sur les milieux tempérés, est destiné aux étudiants de géographie et de géologie de surface, et plus largement à l’ensemble des acteurs de l’environnement.
700 10 - ADDED ENTRY--PERSONAL NAME
Personal name Robinson, Mark
Relator term author
856 41 - ELECTRONIC LOCATION AND ACCESS
Uniform Resource Identifier <a href="https://shs.cairn.info/hydrologie-continentale--9782200246174?lang=fr&redirect-ssocas=7080">https://shs.cairn.info/hydrologie-continentale--9782200246174?lang=fr&redirect-ssocas=7080</a>

Pas d'exemplaire disponible.

PLUDOC

PLUDOC est la plateforme unique et centralisée de gestion des bibliothèques physiques et numériques de Guinée administré par le CEDUST. Elle est la plus grande base de données de ressources documentaires pour les Étudiants, Enseignants chercheurs et Chercheurs de Guinée.

Adresse

627 919 101/664 919 101

25 boulevard du commerce
Kaloum, Conakry, Guinée

Réseaux sociaux

Powered by Netsen Group @ 2025